000
00339nam a2200133 a 4500
005
20140414093849.0
008
110811s19uu xx 00 eng d
050
_a
CDR 899
_b
FLO 2008
100
_a
Cruz, Emerlinda
245
_a
Florante at Laura.
260
_a
Quezon City, Philippines :
_b
C&E,
_c
2008.
942
_c
AVM
999
_c
109780
_d
109780